| 000 | 00660nam a2200217 i 4500 | ||
|---|---|---|---|
| 001 | 10610 | ||
| 003 | ES-MaACL | ||
| 005 | 20230906145924.0 | ||
| 007 | t| | ||
| 008 | 941124s1993 sp a |||| | spa j | ||
| 020 | _a84-86975-24-7 | ||
| 080 | _a840-14"19" | ||
| 100 | 1 |
_aGracq, Julien. _959489 |
|
| 245 | 1 | 0 |
_aLibertad grande _b= Liberté grande / _cJulien Gracq ; traducción y prólogo, Ramón Romero Naval ; ilustraciones, Miguel Buceta. |
| 250 | _a1ª ed. | ||
| 260 |
_aMálaga : _bSeyer, _c1993. |
||
| 300 |
_a178 p. : _bil. ; _c22 cm. |
||
| 700 | 1 |
_aRomero Naval, Ramón. _999420 |
|
| 700 | 1 |
_aBuceta, Miguel. _932275 |
|
| 852 |
_aES-MaACL _jL-17962 |
||
| 999 |
_c10610 _d10610 |
||